| 000 | 00786nam a2200217Ii 4500 | ||
|---|---|---|---|
| 003 | JO-AjNU | ||
| 008 | 230605s9999||||xx |||||||||||||| ||und|| | ||
| 017 | _a2009/10/4295 | ||
| 020 | _a978-9957-414-83-2 | ||
| 040 |
_aJO-AjNU _bara _erda _cJO-AjNU |
||
| 041 | _aara | ||
| 050 | 1 | 4 | _aPJ8190.2.A28 2009 |
| 100 | 3 |
_aأبو أصبع،صالخ خليل, _eauthor _933580 |
|
| 245 | 0 | 0 | _aالحركة الشعرية في فلسطين المحتلة بين عامي 1948م - 1975م : دراسة نقدية |
| 264 | 3 | 1 | _aعمان: دار البركة للنشر والتوزيع، 2009 |
| 300 | _a496ص | ||
| 336 |
_atext _btxt _2rdacontent |
||
| 337 |
_aunmediated _bn _2rdamedia |
||
| 338 |
_avolume _bnc _2rdacarrier |
||
| 650 | 4 |
_aالشعر العربي - تحليل ونقد _933581 |
|
| 999 |
_aA13683 _c17251 _d17251 |
||